000 00277nam a22001217a 4500
008 171013b xxu||||| |||| 00| 0 eng d
041 _aeng
080 _a31+
100 _a51
101 _aSOC
245 _aINTRODUCTION TO THE SOCIAL SCIENCES
_cJOHN.J
942 _2udc
_cBK
999 _c33788
_d33788